| 000 | 01230nam a22002657a 4500 | ||
|---|---|---|---|
| 005 | 20170124102941.0 | ||
| 010 | _aB-090859 | ||
| 020 |
_c450.00 _a8170543770 |
||
| 035 | _aB-090859 | ||
| 037 | _bCen Lib/Ret | ||
| 040 |
_aDPL _bHN |
||
| 082 |
_a823.09 _bखरेनी |
||
| 100 |
_aखरे, नीरज _92233 |
||
| 245 |
_aबीसवीं सदी के अंत में हिंदी कहानी / _cनीरज खरे |
||
| 246 |
_aBeesween sadi ke ant me hindi kahani / _bby Neeraj Khare |
||
| 260 |
_aनयी दिल्ली _bक्लासिकल पब्लिशिंग कम्पनी _c2004 |
||
| 270 |
_a28, शॉपिंग सेंटर, कर्मपुरा _bनयी दिल्ली _e110015 |
||
| 300 |
_aviii,238पृ. _c21सेमी (सजिल्द) |
||
| 500 | _aसंदर्भ शामिल | ||
| 650 |
_aहिन्दी -- साहित्य _948464 |
||
| 650 |
_aहिन्दी -- कहानी का बदलता स्वरुप _948465 |
||
| 650 |
_aHindi - literature _948466 |
||
| 650 |
_aHindi - changes the nature of the story _948467 |
||
| 942 |
_2ddc _cHN _h823.09 _mखरेनी |
||
| 999 |
_c112624 _d112624 |
||